[Event "EU-ch U14 Girls 24th"]
[Site "Batumi"]
[Date "2014.10.23"]
[Round "5"]
[White "Guluzada, Narmin Yalchin Q"]
[Black "Nilssen, Ellen Fredericia"]
[Result "0-1"]
[WhiteElo "1381"]
[BlackElo "1709"]
[PlyCount "46"]
[EventDate "2014.10.19"]
[EventType "swiss"]
[EventRounds "9"]
[EventCountry "GEO"]
[SourceTitle "EXT 2016"]
[Source "ChessBase"]
[SourceDate "2015.10.08"]
[SourceVersion "1"]
[SourceVersionDate "2015.10.08"]
[SourceQuality "1"]

1. e4 e6 2. d4 d5 3. exd5 exd5 4. Bd3 Bd6 5. c3 Ne7 6. Nf3 0-0 7. 0-0 Bf5 8. Bxf5 Nxf5 9. Qb3 b6 10. Re1 c6 11. Nbd2 Nd7 12. Nf1 Qc7 13. Qc2 Ne7 14. Ng3 h6 15. Bd2 Rfe8 16. Ne2 Ng6 17. Rad1 Nf6 18. Qf5 Ne7 19. Qc2 Ng6 20. Qf5 Rxe2 21. Rxe2 Re8 22. Bxh6 gxh6 23. Rxe8+ Nxe8 0-1